000 00476nam a2200181Ia 4500
001 22761
005 20260414150852.0
008 260414t2017||||xx |||||||||||||| ||spa||
041 _aESP
082 _a621.47
_bP57
100 _aPilatowsky Figueroa, Isaac
_eAUT
245 0 _aSistemas de calentamiento solar de agua :
_buna guía para el consumidor
260 _c2017
300 _a111 páginas :
_c23 cm.
650 _aTCA
654 _aCET
942 _cLIB
_dJUS
_fJUS
_2ddc
_n
999 _c22761
_d22761